|
|
|
|
| LEADER |
00931cam a2200265 7i4500 |
| 001 |
0000036703 |
| 005 |
20211124090000.0 |
| 007 |
##ta |
| 008 |
211124s2007 my e 000 0 may d |
| 020 |
# |
# |
|a 9879830991030
|
| 040 |
# |
# |
|a MATR
|
| 090 |
0 |
0 |
|a FM 618.24
|b SIC
|
| 245 |
0 |
0 |
|a SI-COMELKU :
|b Dilengkapi Surah-Surah Amalan Khusus, Doa & Nama-Nama Indah
|c susunan Munirah Abdul Ghani.
|
| 264 |
# |
0 |
|a Kuala Lumpur:
|b Al-Hidayah Publications,
|c 2007.
|
| 300 |
# |
# |
|a viii, 364 pages;
|c 22 cm.
|
| 336 |
# |
# |
|a text
|2 rdacontent
|
| 337 |
# |
# |
|a unmediated
|2 rdamedia
|
| 338 |
# |
# |
|a volume
|2 rdacarrier
|
| 500 |
# |
# |
|a Mengandungi ayat-ayat dari Quran
|
| 500 |
# |
# |
|a Panduan ibu hamil, kelahiran & menamakan bayi
|
| 650 |
0 |
0 |
|a Pregnancy --
|x Religious aspects --
|x Islam
|
| 650 |
0 |
0 |
|a Parenting --
|x Religious aspects --
|x Islam
|
| 650 |
0 |
0 |
|a Names, Personal --
|x Islamic
|
| 700 |
0 |
# |
|a Munirah Abdul Ghani
|
| 999 |
|
|
|a F000000006
|b Book
|c Book
|e BICplus
|